Landmarks join internet Domesday Book. (Record no. 61120)
[ view plain ]
| 000 -LEADER | |
|---|---|
| fixed length control field | 00681cam a2200169 4500 |
| 001 - CONTROL NUMBER | |
| control field | WB3531-09 |
| 008 - FIXED-LENGTH DATA ELEMENTS--GENERAL INFORMATION | |
| fixed length control field | 000000n1999 000 0 eng u |
| 035 ## - SYSTEM CONTROL NUMBER | |
| System control number | (Sirsi) u102028 |
| 245 ## - TITLE STATEMENT | |
| Title | Landmarks join internet Domesday Book. |
| 260 ## - PUBLICATION, DISTRIBUTION, ETC. | |
| Date of publication, distribution, etc. | 1999 |
| 490 ## - SERIES STATEMENT | |
| Series statement | Western Morning News |
| Volume/sequential designation | 7 August 1999, 4(1) |
| 520 ## - SUMMARY, ETC. | |
| Summary, etc. | English Heritage has launched a 21st-century Domesday Book project on the Internet to be completed by 2002. Comprising 360,000 pictures it will be the largest photographic survey of listed buildings. The Images of England website can be seen at: www.imagesofengland.org.uk |
| 650 ## - SUBJECT ADDED ENTRY--TOPICAL TERM | |
| Topical term or geographic name entry element | INTERNET |
| 650 ## - SUBJECT ADDED ENTRY--TOPICAL TERM | |
| Topical term or geographic name entry element | ENGLAND |
| 690 ## - LOCAL SUBJECT ADDED ENTRY--TOPICAL TERM (OCLC, RLIN) | |
| Topical term or geographic name as entry element | CONSERVATION |
| 942 ## - ADDED ENTRY ELEMENTS (KOHA) | |
| Suppress in OPAC | 0 |
| Withdrawn status | Lost status | Source of classification or shelving scheme | Damaged status | Not for loan | Home library | Current library | Shelving location | Date acquired | Total Checkouts | Full call number | Barcode | Date last seen | Copy number | Price effective from | Koha item type |
|---|---|---|---|---|---|---|---|---|---|---|---|---|---|---|---|
| Dewey Decimal Classification | London | London | News article | 15/11/1999 | WB3531-09 | 102028-1001 | 06/08/2019 | 1 | 06/08/2019 | News article |